| 000 | 01210 a2200325 4500 | ||
|---|---|---|---|
| 005 | 20160517094651.0 | ||
| 008 | 160517s2016 ck ||||fr|||| 000 0 spa d | ||
| 020 | _a9789587631739 | ||
| 040 |
_aCO-BoUCM _bspa _cSaul Niño _dSaul Niño |
||
| 041 | 0 | _aspa | |
| 245 | 0 | 0 |
_aRacionalidad, lenguaje y acción _baproximaciones analíticas _cJosé Andrés Forero Mora ...[y otros.] |
| 260 |
_bUniminuto _c2016 _aBogotá (Colombia) |
||
| 300 | _a195 páginas | ||
| 504 | _aIncluye referencias bibliográficas | ||
| 650 | 7 |
_975 _aFilosofía _xAspectos sociales |
|
| 650 | 7 |
_921256 _aPensamiento _xFilosofía |
|
| 650 | 7 |
_98940 _aAnálisis _xFilosofía |
|
| 650 | 7 |
_915796 _aFilosofía del lenguaje |
|
| 650 | 7 |
_923022 _aRacionalismo |
|
| 690 | 0 |
_aFilosofía _975 |
|
| 700 | 1 |
_aAndrade Uribe, Shumann Javier _977242 |
|
| 700 | 1 |
_aBarrero Guzmán, Tomás Andrade _977243 |
|
| 700 | 1 |
_aForero Mora, José Andrés _977244 |
|
| 700 | 1 |
_aGiraldo Ceballos, Laura Ivonne _977245 |
|
| 700 | 1 |
_aGómez Gutiérrez, Susana _977246 |
|
| 700 | 1 |
_aMina Vargas, Andersson _977247 |
|
| 700 | 1 |
_aPérez Jiménez, Miguel Ángel _944202 |
|
| 942 |
_cLIBRO _2DEWEY _a2 _e1 _h149.1 _mR121le |
||
| 999 |
_c303396 _d303396 |
||